[Event "AUT-chT (Women) 2324"]
[Site "Austria"]
[Date "2024.04.12"]
[Round "7.2"]
[White "Terbe, Zsuzsanna"]
[Black "Hrescak, Ivana"]
[Result "1-0"]
[WhiteElo "2178"]
[BlackElo "2090"]
[PlyCount "191"]
[EventDate "2023.11.24"]
[EventType "team-tourn"]
[EventRounds "9"]
[EventCountry "AUT"]
[SourceTitle "CB16_2024"]
[SourceDate "2024.04.17"]
[SourceVersion "1"]
[SourceVersionDate "2024.04.17"]
[SourceQuality "1"]
[WhiteTeam "Wulkaprodersdorf (W)"]
[BlackTeam "Baden (W)"]
[WhiteTeamCountry "AUT"]
[BlackTeamCountry "AUT"]

1. d4 Nf6 2. c4 g6 3. Nc3 Bg7 4. e4 d6 5. Be2 0-0 6. Bg5 c5 7. d5 e6 8. Qd2 exd5 9. exd5 Qe7 10. Nf3 Bg4 11. 0-0 Nbd7 12. Rae1 Rfe8 13. h3 Bxf3 14. Bxf3 Qf8 15. b3 a6 16. a4 Rxe1 17. Rxe1 Re8 18. Rxe8 Qxe8 19. Qe3 Qxe3 20. Bxe3 h6 21. Bd2 Ne8 22. a5 Kh7 23. Bd1 Be5 24. g4 Ng7 25. Kg2 f5 26. f4 Bf6 27. Bc2 Bd8 28. Nd1 h5 29. Ne3 hxg4 30. hxg4 fxg4 31. f5 Ne5 32. fxg6+ Nxg6 33. Nxg4 Nh5 34. Bf5 b6 35. axb6 Bxb6 36. Kf3 a5 37. Bg5 Kg7 38. Bh6+ Kf7 39. Be6+ Ke8 40. Bg5 Bd8 41. Bf7+ Kxf7 42. Bxd8 Ng7 43. Nh6+ Kf8 44. Bxa5 Ke7 45. Bc3 Ne8 46. Ng4 Kd7 47. Ke4 Ne7 48. Nh6 Nc7 49. Nf7 Na6 50. Be1 Nc7 51. Bg3 Ne8 52. Bh4 Ng6 53. Bg5 Ne7 54. Bxe7 Kxe7 55. Ng5 Ng7 56. Nh3 Kf7 57. Nf4 Kf6 58. Nd3 Ke7 59. b4 cxb4 60. Nxb4 Ke8 61. Nc6 Kd7 62. Nd4 Ne8 63. Kf5 Ke7 64. Kg6 Nc7 65. Nf5+ Kd7 66. Kf7 Na8 67. Kf6 Nb6 68. Ne3 Nc8 69. Kf5 Nb6 70. Ke4 Nc8 71. Kd3 Ne7 72. Kd4 Kc7 73. Ke4 Kd7 74. Nf5 Nc8 75. Kd4 Kc7 76. Kc3 Nb6 77. Kb4 Nd7 78. Nd4 Ne5 79. Kb5 Nf7 80. Nc6 Ng5 81. Nb4 Nf7 82. Nd3 Ng5 83. Nf4 Nf7 84. Ne6+ Kd7 85. Nf8+ Ke8 86. Ng6 Kd7 87. Kb6 Ng5 88. Nf8+ Ke7 89. Kc7 Nf7 90. Ng6+ Ke8 91. Nh4 Ne5 92. Nf5 Nxc4 93. Nxd6+ Nxd6 94. Kxd6 Kd8 95. Kc6 Ke7 96. Kc7 1-0

[Event "HUN-ch"]
[Site "Budapest"]
[Date "2023.12.13"]
[Round "2"]
[White "Terbe, Zsuzsanna"]
[Black "Kantor, Gergely"]
[Result "0-1"]
[WhiteElo "2196"]
[BlackElo "2531"]
[PlyCount "74"]
[EventDate "2023.12.12"]
[EventType "swiss"]
[EventRounds "9"]
[EventCountry "HUN"]
[SourceTitle "CB52_2023"]
[SourceDate "2023.12.27"]
[SourceVersion "1"]
[SourceVersionDate "2023.12.27"]
[SourceQuality "1"]

1. d4 Nf6 2. c4 e6 3. Nc3 Bb4 4. Qc2 0-0 5. e4 d6 6. Nf3 e5 7. Bd3 Re8 8. Be3 exd4 9. Nxd4 Ng4 10. 0-0 Nxe3 11. fxe3 Bxc3 12. Qxc3 Nd7 13. Nf5 Ne5 14. c5 Bxf5 15. Rxf5 g6 16. Rf4 dxc5 17. Bc4 Qe7 18. Raf1 Rf8 19. h4 c6 20. a4 Rae8 21. h5 Qg5 22. hxg6 hxg6 23. Kf2 Kg7 24. Rh1 f6 25. Rfh4 Rh8 26. Rxh8 Rxh8 27. Rxh8 Kxh8 28. Be6 Qh4+ 29. Kf1 Qh1+ 30. Kf2 Qd1 31. Bc4 Qxa4 32. b3 Qb4 33. Qc2 b5 34. Be2 Kg7 35. Qd1 Qxe4 36. Qd6 Qf5+ 37. Kg1 Qb1+ 0-1

[Event "HUN-ch"]
[Site "Budapest"]
[Date "2023.12.12"]
[Round "1"]
[White "Krstulovic, Alex"]
[Black "Terbe, Zsuzsanna"]
[Result "0-1"]
[WhiteElo "2429"]
[BlackElo "2196"]
[PlyCount "110"]
[EventDate "2023.12.12"]
[EventType "swiss"]
[EventRounds "9"]
[EventCountry "HUN"]
[SourceTitle "CB52_2023"]
[SourceDate "2023.12.27"]
[SourceVersion "1"]
[SourceVersionDate "2023.12.27"]
[SourceQuality "1"]

1. Nf3 d5 2. g3 c6 3. Bg2 Bg4 4. 0-0 Nd7 5. d3 Ngf6 6. Nbd2 e5 7. e4 Bd6 8. h3 Bh5 9. Qe1 0-0 10. Nh4 Re8 11. Nf5 Bf8 12. Nf3 dxe4 13. dxe4 Nc5 14. N3h4 Ne6 15. Be3 Qc7 16. Qc3 Rad8 17. Rae1 a5 18. a3 b5 19. Nf3 Bxf3 20. Bxf3 c5 21. Qb3 Nd4 22. Nxd4 cxd4 23. Bd2 Rb8 24. Rc1 a4 25. Qd3 b4 26. axb4 Bxb4 27. Bg5 Nd7 28. Bg4 h6 29. c3 hxg5 30. cxb4 Qd6 31. b5 Nc5 32. Qa3 Rxb5 33. Rfd1 Reb8 34. Be2 Ra5 35. b4 Nb3 36. Rc4 Ra7 37. Rb1 Nd2 38. Rb2 Nxc4 39. Bxc4 Rab7 40. Qa2 Rxb4 41. Bxf7+ Kf8 42. Bg8 Qe7 43. Rd2 g6 44. Rd3 Kg7 45. Bd5 Qf6 46. Qa3 Rf8 47. Rd2 Rb1+ 48. Kg2 Kh6 49. Be6 Rfb8 50. Bg4 Qc6 51. h4 Qxe4+ 52. Bf3 Qf5 53. Qxa4 g4 54. Bc6 e4 55. Qa3 R8b3 0-1

[Event "Vienna Ottakring 100 Years"]
[Site "Vienna"]
[Date "2023.08.29"]
[Round "4"]
[White "Terbe, Zsuzsanna"]
[Black "Bilous, Mykhailo"]
[Result "0-1"]
[WhiteElo "2180"]
[BlackElo "2354"]
[PlyCount "72"]
[EventDate "2023.08.26"]
[EventType "swiss"]
[EventRounds "9"]
[EventCountry "AUT"]
[SourceTitle "EXT 2024"]
[Source "ChessBase"]
[SourceDate "2023.10.10"]
[SourceVersion "1"]
[SourceVersionDate "2023.10.10"]
[SourceQuality "1"]

1. d4 Nf6 2. c4 e6 3. Nc3 Bb4 4. Bd2 0-0 5. e3 d5 6. Nf3 b6 7. Bd3 dxc4 8. Bxc4 Bb7 9. 0-0 Nbd7 10. a3 Bd6 11. Qe2 c5 12. Bd3 Rc8 13. Rac1 Bb8 14. Rfd1 Qe7 15. h3 Rfe8 16. e4 cxd4 17. Nxd4 Ne5 18. Bb1 Red8 19. Be3 Ng6 20. g3 h5 21. h4 Ng4 22. Bg5 f6 23. Nxe6 Rxd1+ 24. Rxd1 fxg5 25. Nxg5 Rf8 26. Ba2+ Kh8 27. Qb5 N6e5 28. f4 Bd6 29. b4 Bc6 30. Qe2 Bc5+ 31. bxc5 Qxc5+ 32. Kg2 Qxc3 33. fxe5 Bb5 34. Qd2 Ne3+ 35. Kh3 Nxd1 36. Qxd1 Bf1+ 0-1

[Event "SVK-chT2A 2223"]
[Site "Slovakia"]
[Date "2023.02.11"]
[Round "8.3"]
[White "Terbe, Zsuzsanna"]
[Black "Lukacovic, Miroslav"]
[Result "1-0"]
[WhiteElo "2128"]
[BlackElo "1928"]
[PlyCount "109"]
[EventDate "2022.10.08"]
[EventType "team-tourn"]
[EventRounds "11"]
[EventCountry "SVK"]
[SourceTitle "EXT 2024"]
[Source "ChessBase"]
[SourceDate "2023.10.10"]
[SourceVersion "1"]
[SourceVersionDate "2023.10.10"]
[SourceQuality "1"]
[WhiteTeam "Dunajska Streda II"]
[BlackTeam "Modranka Komplet"]
[WhiteTeamCountry "SVK"]
[BlackTeamCountry "SVK"]

1. d4 d5 2. c4 e5 3. dxe5 Ne7 4. Nf3 Nbc6 5. Bf4 Be6 6. cxd5 Qxd5 7. Qxd5 Nxd5 8. Bd2 Ndb4 9. Na3 Bxa2 10. e3 0-0-0 11. Be2 Bd5 12. Bc3 Bxf3 13. gxf3 Be7 14. f4 Nd3+ 15. Kf1 Bh4 16. Bxd3 Rxd3 17. Ke2 Rhd8 18. Nb5 R3d7 19. Nxa7+ Nxa7 20. Rxa7 b6 21. Rc1 Kb8 22. Ra4 g6 23. f5 Be7 24. f6 Bf8 25. Rh4 h6 26. f4 c5 27. Rg4 Re8 28. Rgg1 Kc7 29. Ra1 b5 30. Ra7+ Kc6 31. Ra6+ Kb7 32. Rga1 b4 33. Ra7+ Kc6 34. R1a6+ Kb5 35. Rxd7 Kxa6 36. Bd2 Kb5 37. b3 Kc6 38. Rxf7 Kd5 39. Rd7+ Ke6 40. Ra7 Rc8 41. Ra6+ Kf7 42. Rb6 Ra8 43. Kd3 Ra2 44. Rb7+ Ke6 45. Rb8 Kf7 46. e6+ Kxe6 47. Rxf8 Rb2 48. e4 Rxb3+ 49. Kc2 Rh3 50. e5 b3+ 51. Kc1 Rxh2 52. Rb8 c4 53. Rb6+ Kf7 54. Rb7+ Ke8 55. f7+ 1-0

[Event "HUN-ch (Women) 70th"]
[Site "Budapest"]
[Date "2022.12.10"]
[Round "6"]
[White "Terbe, Zsuzsanna"]
[Black "Dudas, Eszter"]
[Result "1-0"]
[WhiteElo "2151"]
[BlackElo "2112"]
[PlyCount "127"]
[EventDate "2022.12.05"]
[EventType "tourn"]
[EventRounds "9"]
[EventCountry "HUN"]
[SourceTitle "CBM 211 Extra"]
[Source "ChessBase"]
[SourceDate "2023.01.31"]
[SourceVersion "1"]
[SourceVersionDate "2023.01.31"]
[SourceQuality "1"]

1. d4 d5 2. c4 e6 3. Nc3 Nf6 4. cxd5 exd5 5. Bg5 Be7 6. e3 c6 7. Bd3 0-0 8. Qc2 h6 9. Bh4 Nbd7 10. Nge2 Re8 11. 0-0 Ne4 12. Bxe7 Qxe7 13. Bxe4 dxe4 14. a3 Nf6 15. Ng3 b6 16. Qa4 Bd7 17. Rfd1 h5 18. h3 h4 19. Nge2 Nh5 20. Rac1 Qg5 21. Kh1 Re6 22. d5 Rg6 23. Rg1 Qf5 24. Qxe4 Qxf2 25. Rgf1 Ng3+ 26. Nxg3 Qxg3 27. Ne2 Qg5 28. dxc6 Be6 29. Nf4 Bf5 30. Qf3 Rd6 31. e4 Bg6 32. c7 Rc8 33. Nxg6 Qxg6 34. e5 Rd3 35. Qf4 Qe6 36. Rf2 Qd7 37. Qc4 Rd5 38. Qc6 Qxc6 39. Rxc6 Rd7 40. Rfc2 Kf8 41. a4 Rd5 42. e6 f6 43. a5 bxa5 44. R2c5 Rd1+ 45. Kh2 Ke7 46. Rxa5 Re1 47. Rxa7 Rxe6 48. Rc4 Rb6 49. Rc2 Kd7 50. Kg1 Rb3 51. Kf2 Rg3 52. Ra3 Rg5 53. Rd3+ Ke7 54. Re2+ Kf7 55. Rd7+ Kg6 56. Rc2 Rf5+ 57. Kg1 Ra5 58. Rd8 Raa8 59. Rxc8 Rxc8 60. b4 Kf7 61. b5 Ke7 62. b6 Kd7 63. b7 Rxc7 64. Rd2+ 1-0

[Event "HUN-ch (Women) 70th"]
[Site "Budapest"]
[Date "2022.12.07"]
[Round "3"]
[White "Karacsonyi, Kata"]
[Black "Terbe, Zsuzsanna"]
[Result "1/2-1/2"]
[WhiteElo "2161"]
[BlackElo "2151"]
[PlyCount "115"]
[EventDate "2022.12.05"]
[EventType "tourn"]
[EventRounds "9"]
[EventCountry "HUN"]
[SourceTitle "CBM 211 Extra"]
[Source "ChessBase"]
[SourceDate "2023.01.31"]
[SourceVersion "1"]
[SourceVersionDate "2023.01.31"]
[SourceQuality "1"]

1. e4 e6 2. d4 d5 3. Nd2 Be7 4. c3 c5 5. exd5 exd5 6. dxc5 Bxc5 7. Bb5+ Nc6 8. Qe2+ Be7 9. Nb3 Nf6 10. Nd4 Bd7 11. Ngf3 0-0 12. 0-0 Re8 13. Qd1 a6 14. Ba4 Rc8 15. h3 h6 16. Re1 Bc5 17. Rxe8+ Qxe8 18. Bc2 Nxd4 19. Nxd4 Qe5 20. Be3 Bd6 21. Nf3 Qh5 22. Bd4 Ne4 23. Ne5 Qxd1+ 24. Rxd1 Be6 25. Nf3 Be7 26. Nd2 Nd6 27. f4 h5 28. Re1 Bh4 29. Re2 Kf8 30. Nf1 g6 31. Bxg6 Bxh3 32. Bxh5 Bf5 33. g3 Bd8 34. Nd2 Nb5 35. Nb3 Bd3 36. Rd2 Bc4 37. Kg2 Nxd4 38. Rxd4 Bf6 39. Rd2 b6 40. Bf3 Rd8 41. Nc1 d4 42. b3 Be6 43. cxd4 Rxd4 44. Rxd4 Bxd4 45. Ne2 Bb2 46. g4 f6 47. Kf2 a5 48. f5 Bf7 49. Bc6 Ke7 50. Nf4 Kd6 51. Be4 a4 52. Bc2 Bd4+ 53. Kf3 Bd5+ 54. Be4 Bf7 55. Bc2 Bd5+ 56. Nxd5 Kxd5 57. bxa4 Ke5 58. Bb3 1/2-1/2

[Event "HUN-ch (Women) 70th"]
[Site "Budapest"]
[Date "2022.12.05"]
[Round "1"]
[White "Demeter, Dorina"]
[Black "Terbe, Zsuzsanna"]
[Result "1/2-1/2"]
[WhiteElo "2174"]
[BlackElo "2151"]
[PlyCount "100"]
[EventDate "2022.12.05"]
[EventType "tourn"]
[EventRounds "9"]
[EventCountry "HUN"]
[SourceTitle "CBM 211 Extra"]
[Source "ChessBase"]
[SourceDate "2023.01.31"]
[SourceVersion "1"]
[SourceVersionDate "2023.01.31"]
[SourceQuality "1"]

1. Nf3 d5 2. g3 Nf6 3. Bg2 c6 4. 0-0 Bf5 5. c4 e6 6. Qb3 Qb6 7. d3 Nbd7 8. cxd5 exd5 9. Qc2 Be7 10. Nc3 0-0 11. e4 dxe4 12. dxe4 Bg6 13. Be3 Qa5 14. Nh4 Ng4 15. Nxg6 hxg6 16. Bd2 Qh5 17. h3 Nge5 18. Be3 g5 19. g4 Qh6 20. Ne2 Qe6 21. Nd4 Qc4 22. Rfc1 Qxc2 23. Rxc2 Bf6 24. Nf3 Nxf3+ 25. Bxf3 Rfe8 26. Rd1 Nb6 27. b3 Rad8 28. Rcd2 Rxd2 29. Rxd2 Rd8 30. Rxd8+ Bxd8 31. Bxb6 Bxb6 32. Be2 Kf8 33. Bc4 Ke7 34. Kf1 f6 35. Ke2 Kd6 36. f3 Ke5 37. Kd3 Kf4 38. Ke2 Bd4 39. Be6 c5 40. a4 b6 41. Bc4 Kg3 42. Ba6 Kxh3 43. Bc4 Kg3 44. Ba6 Kf4 45. Bc4 Ke5 46. Kd3 Bg1 47. Ba6 Kf4 48. Ke2 Ke5 49. Kd3 Kf4 50. Ke2 Ke5 1/2-1/2

[Event "SVK-chT2A 2223"]
[Site "Slovakia"]
[Date "2022.11.26"]
[Round "5.4"]
[White "Salgovic, Simon"]
[Black "Terbe, Zsuzsanna"]
[Result "1/2-1/2"]
[WhiteElo "2049"]
[BlackElo "2151"]
[PlyCount "164"]
[EventDate "2022.10.08"]
[EventType "team-tourn"]
[EventRounds "11"]
[EventCountry "SVK"]
[SourceTitle "EXT 2024"]
[Source "ChessBase"]
[SourceDate "2023.10.10"]
[SourceVersion "1"]
[SourceVersionDate "2023.10.10"]
[SourceQuality "1"]
[WhiteTeam "Bratislava Doprastav II"]
[BlackTeam "Dunajska Streda II"]
[WhiteTeamCountry "SVK"]
[BlackTeamCountry "SVK"]

1. e4 c5 2. Nf3 Nc6 3. d4 cxd4 4. Nxd4 Nf6 5. Nc3 e5 6. Ndb5 d6 7. Bg5 a6 8. Na3 b5 9. Bxf6 gxf6 10. Nd5 Bg7 11. c3 f5 12. exf5 Bxf5 13. Nc2 0-0 14. Nce3 Be6 15. Bd3 f5 16. 0-0 Ne7 17. Nxe7+ Qxe7 18. Bxf5 Kh8 19. Be4 Rad8 20. Qh5 Bf6 21. Rad1 Bxa2 22. Nf5 Qf7 23. Qxf7 Rxf7 24. Bd5 Bxd5 25. Rxd5 Be7 26. g4 h5 27. h3 Kh7 28. f3 b4 29. c4 Rc8 30. b3 Rc6 31. Rfd1 Bf8 32. Kg2 Rf6 33. Ng3 hxg4 34. hxg4 Kg8 35. Ne4 Rg6 36. Ra1 Rg7 37. Rda5 Ra7 38. Nf6+ Kf7 39. Nd5 Bh6 40. Kf2 Bg5 41. R5a4 Bd2 42. Ke2 Bc3 43. Rh1 Kg6 44. Kd3 Rf7 45. Ke4 Kg7 46. Ra2 Bd4 47. Rah2 Rc5 48. Rh7+ Kg8 49. Rh8+ Kg7 50. R1h7+ Kg6 51. Rh6+ Kg7 52. R8h7+ Kg8 53. Rxf7 Kxf7 54. Rxd6 Ra5 55. f4 Bc5 56. Rf6+ Kg7 57. fxe5 Ra3 58. Rc6 Bf8 59. Kf5 Rxb3 60. Rc7+ Kh8 61. Nf6 Rh3 62. Rc8 Kg7 63. Nh5+ Kf7 64. Rc7+ Ke8 65. Ke6 Kd8 66. Ra7 Bc5 67. Rxa6 b3 68. Ra5 b2 69. Rb5 Bd4 70. Kd6 Kc8 71. e6 Rh1 72. e7 Re1 73. Nf4 Bf6 74. Nd5 Be5+ 75. Kc6 Bd4 76. Kd6 Be5+ 77. Ke6 Bd4+ 78. Kf7 Rf1+ 79. Kg6 Re1 80. Kf7 Rf1+ 81. Ke6 Re1+ 82. Kd6 Be5+ 1/2-1/2

[Event "HUN-chT 2223"]
[Site "Hungary"]
[Date "2022.11.20"]
[Round "1.9"]
[White "Udvardi, Zalan"]
[Black "Terbe, Zsuzsanna"]
[Result "1/2-1/2"]
[WhiteElo "2303"]
[BlackElo "2114"]
[PlyCount "64"]
[EventDate "2022.11.20"]
[EventType "team-tourn"]
[EventRounds "9"]
[EventCountry "HUN"]
[SourceTitle "CBM 211 Extra"]
[Source "ChessBase"]
[SourceDate "2023.01.31"]
[SourceVersion "1"]
[SourceVersionDate "2023.01.31"]
[SourceQuality "1"]
[WhiteTeam "Mako Duocor"]
[BlackTeam "Budapest MTK"]
[WhiteTeamCountry "HUN"]
[BlackTeamCountry "HUN"]

1. e4 c5 2. Nf3 Nc6 3. d4 cxd4 4. Nxd4 Nf6 5. Nc3 e5 6. Ndb5 d6 7. Bg5 a6 8. Na3 b5 9. Nd5 Be7 10. Bxf6 Bxf6 11. c4 b4 12. Nc2 0-0 13. Ncxb4 Nxb4 14. Nxb4 Qb6 15. Nd5 Qxb2 16. Be2 Bd8 17. 0-0 Be6 18. Rb1 Qxa2 19. Nb4 Qa3 20. Rb3 Qa4 21. Qd3 Bb6 22. Rfb1 Bc5 23. Nd5 Bxd5 24. Qxd5 g6 25. Qd2 Qd7 26. Qh6 Qe7 27. Rh3 f6 28. Rhb3 Qg7 29. Qh3 Ra7 30. Bg4 a5 31. Be6+ Kh8 32. Bd5 Bb4 1/2-1/2

[Event "Budapest Vezerkepzo Fall GM"]
[Site "Budapest"]
[Date "2022.10.30"]
[Round "7"]
[White "Terbe, Zsuzsanna"]
[Black "Sahithi Varshini, M."]
[Result "1/2-1/2"]
[WhiteElo "2128"]
[BlackElo "2238"]
[PlyCount "76"]
[EventDate "2022.10.24"]
[EventType "tourn"]
[EventRounds "9"]
[EventCountry "HUN"]
[EventCategory "6"]
[SourceTitle "EXT 2024"]
[Source "ChessBase"]
[SourceDate "2023.10.10"]
[SourceVersion "1"]
[SourceVersionDate "2023.10.10"]
[SourceQuality "1"]

1. d4 Nf6 2. c4 e6 3. Nc3 Bb4 4. e3 0-0 5. Bd2 b6 6. Bd3 Bb7 7. Nf3 d5 8. cxd5 exd5 9. Rc1 Nbd7 10. 0-0 a6 11. Ne5 Bd6 12. f4 Ne4 13. Nxe4 dxe4 14. Bc4 Qe7 15. Qb3 Rad8 16. Bc3 Nb8 17. f5 Nd7 18. Nxd7 Qxd7 19. f6 g6 20. Bb4 Bc8 21. Bxd6 Qxd6 22. a4 h5 23. Rf4 Bf5 24. Bxa6 c5 25. dxc5 bxc5 26. Bb5 Qxf6 27. Rxc5 Rd2 28. Qc3 Qd8 29. b4 Rd1+ 30. Rf1 h4 31. h3 Qd6 32. Qc2 Rd2 33. Qc3 Rxg2+ 34. Kxg2 Qg3+ 35. Kh1 Qxh3+ 36. Kg1 Qg3+ 37. Kh1 Qh3+ 38. Kg1 Qg3+ 1/2-1/2

[Event "Budapest Vezerkepzo Fall GM"]
[Site "Budapest"]
[Date "2022.10.24"]
[Round "1"]
[White "Krstulovic, Alex"]
[Black "Terbe, Zsuzsanna"]
[Result "1-0"]
[WhiteElo "2411"]
[BlackElo "2128"]
[PlyCount "49"]
[EventDate "2022.10.24"]
[EventType "tourn"]
[EventRounds "9"]
[EventCountry "HUN"]
[EventCategory "6"]
[SourceTitle "EXT 2024"]
[Source "ChessBase"]
[SourceDate "2023.10.10"]
[SourceVersion "1"]
[SourceVersionDate "2023.10.10"]
[SourceQuality "1"]

1. d4 d5 2. c4 c6 3. Nc3 Nf6 4. Nf3 dxc4 5. e4 b5 6. Be2 e6 7. 0-0 Be7 8. a4 b4 9. e5 bxc3 10. exf6 Bxf6 11. bxc3 0-0 12. Qc2 Nd7 13. Bxc4 e5 14. Ba3 Be7 15. Bxe7 Qxe7 16. Rfe1 Nb6 17. Bd3 h6 18. Nxe5 Qf6 19. Bh7+ Kh8 20. Be4 Nd5 21. c4 Nb4 22. Qc3 a5 23. Re3 Ra7 24. Rf3 Qd6 25. c5 1-0

[Event "Antwerp World Uni op (Women)"]
[Site "Antwerp"]
[Date "2022.09.15"]
[Round "6"]
[White "Terbe, Zsuzsanna"]
[Black "Weis, Olga"]
[Result "1-0"]
[WhiteElo "2196"]
[BlackElo "2039"]
[PlyCount "65"]
[EventDate "2022.09.12"]
[EventType "swiss"]
[EventRounds "9"]
[EventCountry "BEL"]
[SourceTitle "CBM 210 Extra"]
[Source "ChessBase"]
[SourceDate "2022.11.30"]
[SourceVersion "1"]
[SourceVersionDate "2022.11.30"]
[SourceQuality "1"]

1. d4 d5 2. Bf4 Nf6 3. e3 c5 4. Nf3 Nc6 5. Nbd2 e6 6. c3 Nh5 7. Bg5 f6 8. Bh4 g6 9. Bd3 Be7 10. Bg3 0-0 11. Qc2 Ng7 12. h4 Nh5 13. Bf4 Nxf4 14. exf4 f5 15. dxc5 d4 16. cxd4 Nxd4 17. Qc4 Nxf3+ 18. Nxf3 Bxc5 19. Qxc5 Qxd3 20. Rd1 Qe4+ 21. Kf1 b6 22. Qe7 Ba6+ 23. Kg1 Rfe8 24. Qg5 Qa4 25. b3 Qxa2 26. h5 Qxb3 27. Re1 Qc3 28. hxg6 hxg6 29. Rh6 Kf8 30. Rh7 Rab8 31. Qh6+ Kg8 32. Qxg6+ Kf8 33. Qf7# 1-0

[Event "Antwerp World Uni blitz op (Women)"]
[Site "Antwerp"]
[Date "2022.09.14"]
[Round "7"]
[White "Terbe, Zsuzsanna"]
[Black "Avramidou, Anastasia"]
[Result "1/2-1/2"]
[WhiteElo "2122"]
[BlackElo "2183"]
[PlyCount "105"]
[EventDate "2022.09.14"]
[EventType "swiss (blitz)"]
[EventRounds "9"]
[EventCountry "BEL"]
[SourceTitle "CBM 210 Extra"]
[Source "ChessBase"]
[SourceDate "2022.11.30"]
[SourceVersion "1"]
[SourceVersionDate "2022.11.30"]
[SourceQuality "1"]

1. d4 Nf6 2. c4 g6 3. Nc3 d5 4. Bf4 Bg7 5. Nf3 0-0 6. Rc1 c6 7. e3 Qb6 8. Qb3 Qxb3 9. axb3 dxc4 10. bxc4 Bf5 11. Be2 Na6 12. 0-0 Nb4 13. Rfd1 Rfd8 14. Ne5 Nd7 15. Nf3 Nf6 16. h3 h6 17. g4 Be6 18. Bc7 Rdc8 19. Bg3 h5 20. g5 Ne8 21. h4 Bg4 22. Ne5 Bxe2 23. Nxe2 Nd6 24. b3 Nf5 25. Nd3 Nxd3 26. Rxd3 a5 27. Ra1 b5 28. c5 Ra6 29. Rd2 Rca8 30. Rda2 a4 31. bxa4 bxa4 32. Ra3 Nxg3 33. fxg3 e5 34. Kf2 Ra5 35. Rc1 Rb8 36. Rc4 exd4 37. exd4 Rb2 38. Raxa4 Rab5 39. Ra8+ Kh7 40. Re8 Ra2 41. Kf3 Rb3+ 42. Re3 Rb1 43. Kf2 Rbb2 44. Kf3 Rb1 45. Nf4 Rf1+ 46. Ke4 Rd1 47. d5 cxd5+ 48. Nxd5 Ra8 49. Nf4 Re8+ 50. Kf3 Ra8 51. c6 Rc8 52. c7 Rd7 53. Rb3 1/2-1/2

[Event "Antwerp World Uni blitz op (Women)"]
[Site "Antwerp"]
[Date "2022.09.14"]
[Round "1"]
[White "Terbe, Zsuzsanna"]
[Black "Meszarosova, Eva"]
[Result "1-0"]
[WhiteElo "2122"]
[BlackElo "1857"]
[PlyCount "75"]
[EventDate "2022.09.14"]
[EventType "swiss (blitz)"]
[EventRounds "9"]
[EventCountry "BEL"]
[SourceTitle "CBM 210 Extra"]
[Source "ChessBase"]
[SourceDate "2022.11.30"]
[SourceVersion "1"]
[SourceVersionDate "2022.11.30"]
[SourceQuality "1"]

1. d4 d5 2. c4 e6 3. Nc3 Nf6 4. cxd5 exd5 5. Bg5 c6 6. e3 Be7 7. Bd3 h6 8. Bh4 0-0 9. Qc2 Re8 10. Nf3 Nbd7 11. 0-0 b5 12. Ne2 Bb7 13. Rac1 Rc8 14. a3 a6 15. Qb3 c5 16. dxc5 Nxc5 17. Qd1 Nfe4 18. Bxe7 Qxe7 19. Ned4 Red8 20. Bb1 Qf6 21. Qe2 Ne6 22. Rfd1 Qe7 23. Nf5 Qf8 24. N3d4 N6c5 25. Ng3 Nf6 26. Bf5 Rb8 27. b4 Na4 28. Rc7 Ne8 29. Rcc1 Nd6 30. Nc6 Bxc6 31. Rxc6 Rb6 32. Rc7 Nc4 33. Qd3 Nab2 34. Qe2 Nxd1 35. Qxd1 Nxa3 36. Qf3 Rf6 37. Qg4 Qxb4 38. Qxb4 1-0